LEADER 00727nam a2200205 i 4500 001 000000228092 003 CaOOAMICUS 005 20140318000000.0 008 140318s1890 it u000 u ita u 013 $a206994 040 $aSeMil$bita 245 10$aVol. 9. 300 $a320 p., [1] c. di tav. ripieg. :$bill. 500 $aFondo Bidoglio. 773 0 $aScotton, Gottardo <1845-1916>$tVangelo studiato minutamente dal parroco.$dBassano : Premiato stabil. tipogr. Sante Pozzato, 1886-1890.$g9$w()14748 850 $aSeMil 852 $aSeMil$W1$xVenegono$y1$m2Y I 15 FA$j178438$B178438$CSeMilBibl$Z2$F189331 $8I 941 1 $a2 961 $aLascito: Bidoglio don Maurizio 996 $6245$aVol. 9$9(OLS)http://semarc/title/111148 LEADER 00928nam a2200217 i 4500 001 000000036764 003 CaOOAMICUS 005 20190820123024.0 008 090701s1987 it a u000 u ita u 013 $a6517 040 $aSeMil$bita 245 10$aVol. 1. 264 1$aMilano :$bSuore delle Carita delle sante B.Capitanio e V.Gerosa,$c1987. 300 $a374 p., [8] p. di tav. :$bill. ;$c22 cm 773 0 $aCarraro, Mariapia$tIstituto delle sante Bartolomea Capitanio e Vincenza Gerosa.$dMilano : Suore delle Carita delle sante B.Capitanio e V.Gerosa, 1987-1996.$w()21602 850 $aSeMil 852 $aSeMil$W1$xVenegono$y1$m3B IV 162$j2919$B2919$CSeMilBibl$Z2$F2919 $81 961 $aOmaggio: Donazione 996 $6245$aVol. 1$9(OLS)http://semarc/title/13429 996 $6264$aMilano :$bSuore delle Carita delle sante B.Capitanio e V.Gerosa$9(OLS)http://semarc/publisher/35554